|
|
|
|
| LEADER |
01725nam a2200481 i 4500 |
| 001 |
nkc20152698136 |
| 003 |
CZ PrNK |
| 005 |
20150609104349.0 |
| 007 |
ta |
| 008 |
150504s2015 xr a e 000 0 cze |
| 015 |
|
|
|a cnb002698136
|
| 020 |
|
|
|a 978-80-87125-29-8
|q (brožováno)
|
| 035 |
|
|
|a (OCoLC)910989104
|
| 040 |
|
|
|a BOA001
|b cze
|d ABA001
|e rda
|
| 043 |
|
|
|a e------
|a e-xr---
|
| 072 |
|
7 |
|a 35
|x Veřejná správa
|2 Konspekt
|9 15
|
| 080 |
|
|
|a 005.922:004.658.2
|2 MRF
|
| 080 |
|
|
|a (4)
|2 MRF
|
| 080 |
|
|
|a (437.3)
|2 MRF
|
| 080 |
|
|
|a (048.8)
|2 MRF
|
| 245 |
0 |
0 |
|a Datové schránky :
|b historický vývoj a současná podoba 2014 /
|c kolektiv autorů - CEVRO Institut
|
| 250 |
|
|
|a 1. vydání
|
| 264 |
|
1 |
|a Praha :
|b CEVRO Institut [vysoká škola],
|c 2015
|
| 300 |
|
|
|a 136 stran :
|b barevné ilustrace ;
|c 30 cm
|
| 336 |
|
|
|a text
|b txt
|2 rdacontent
|
| 337 |
|
|
|a bez média
|b n
|2 rdamedia
|
| 338 |
|
|
|a svazek
|b nc
|2 rdacarrier
|
| 490 |
1 |
|
|a Učební texty a skripta
|
| 500 |
|
|
|a Terminologický slovník
|
| 504 |
|
|
|a Obsahuje bibliografie a bibliografické odkazy
|
| 650 |
0 |
7 |
|a datové schránky
|7 ph558883
|z země Evropské unie
|2 czenas
|
| 650 |
0 |
7 |
|a datové schránky
|7 ph558883
|z Česko
|2 czenas
|
| 650 |
0 |
9 |
|a electronic data boxes
|z European Union countries
|2 eczenas
|
| 650 |
0 |
9 |
|a electronic data boxes
|z Czechia
|2 eczenas
|
| 655 |
|
7 |
|a studie
|7 fd133597
|2 czenas
|
| 655 |
|
9 |
|a studies
|2 eczenas
|
| 710 |
2 |
|
|a CEVRO Institut
|7 kn20080131013
|4 aut
|
| 810 |
2 |
|
|a CEVRO Institut.
|t Učební texty a skripta
|0 s
|
| 910 |
2 |
|
|a BOA001
|b 4-1346.509
|
| 990 |
|
|
|a BK
|
| 995 |
|
|
|a 01
|
| 991 |
|
|
|b 201505
|c NOV
|e n
|
| 996 |
6 |
|
|b 2610632738
|c 4-1346.509
|l MZK
|r Sklad / do 1 hodiny
|n 8
|p p.v.
|w 001505007
|u 000010
|a 1
|e BOA001
|j MZK50
|s P
|